000 00660nam a2200241Ia 4500
003 OSt
005 20220918202644.0
006 a|||||r|||| 00| 0
007 ta
008 220917b |||||||| |||| 00| 0 eng d
024 _a102,848
037 _cTextual
040 _aARTS
_cARTS
_beng
041 _2eng
_aeng
082 _aV253:1:J8, G3;K6
100 _aBarua K L
_9104787
245 0 _aEarly history of Kamarupa
_b From the earliest times to the end of the sixteenth century
250 _a2nd
260 _aNA
_bNA
_c1933
650 _aHISTORY
942 _hV253:1:J8, G3;K6
_cTEXL
_2CC
999 _c226297
_d226297